| 000 | 00364 a2200157 4500 | ||
|---|---|---|---|
| 001 | 151540 | ||
| 040 | _cEscola São Tomás de Aquino | ||
| 100 | _aHIRATSUKA, Lúcia | ||
| 240 | 1 | 0 |
_aHistórias tecidas em seda _lpor |
| 245 | 1 | 0 | _aHistórias tecidas em seda |
| 300 | _a48 | ||
| 362 | 0 | _a2007 | |
| 440 | 1 | _aCortez | |
| 697 | _a*LITERATURA INFANTO | ||
| 942 | _cBK | ||
| 999 |
_c151540 _d151540 |
||